Foreign Visitors to the United States Quiz Stats

 Plays Quiz Updated Jul 11, 2018

Challenge
Share
Tweet
Embed
Score 0/20 Timer 04:00
3 Plays Today
Arrivals Country of Origin % Correct
18,413,649Mexico
98.8%
20,704,701Canada
98.4%
2,591,333China
97.6%
4,900,823 United Kingdom
96.5%
1,752,611France
96.5%
3,758,297Japan
95.6%
2,271,820Germany
95.5%
2,218,883Brazil
92%
752,823Spain
92%
1,039,397Italy
90.3%
Arrivals Country of Origin % Correct
1,450,113Australia
86.7%
1,125,783India
83.7%
791,905Argentina
79.8%
450,132Ireland
74.9%
586,332Sweden
72.5%
1,764,871South Korea
69.6%
726,011Netherlands
61.5%
853,624Colombia
58.1%
536,584Switzerland
51.1%
590,733Venezuela
46.2%

You're not logged in!

Compare scores with friends on all Sporcle quizzes.
Join for Free
OR
Log In

You Might Also Like...

Show Comments

Extras

Top Quizzes Today


Score Distribution

Your Account Isn't Verified!

In order to create a playlist on Sporcle, you need to verify the email address you used during registration. Go to your Sporcle Settings to finish the process.

Report this User

Report this user for behavior that violates our Community Guidelines.

Details: